Collapse. How societies choose to fail or succeed.
Salvato in:
| Autore principale: | |
|---|---|
| Natura: | Libro |
| Pubblicazione: |
New York, USA:
Penguin Books,
2011.
|
| Soggetti: | |
| Tags: |
Aggiungi Tag
Nessun Tag, puoi essere il primo ad aggiungerne!!
|
MARC
| LEADER | 00000nam a2200000 4500 | ||
|---|---|---|---|
| 003 | CL-VaPUC | ||
| 005 | 20230928102411.0 | ||
| 008 | 230922t2011 ||||| |||| 00| 0 eng d | ||
| 999 | |c 441607 |d 441605 | ||
| 020 | |a 9780143117001 | ||
| 040 | |c Pontificia Universidad Católica de Valparaíso | ||
| 082 | 7 | |a 304.28 DIA 2011 |2 22 | |
| 100 | |a Diamond, Jared |9 539988 |e author | ||
| 245 | |a Collapse. |b How societies choose to fail or succeed. | ||
| 260 | |a New York, USA: |b Penguin Books, |c 2011. | ||
| 300 | |a 589 páginas. | ||
| 500 | |a With a new afterword. | ||
| 583 | |k GC |c 20230922 | ||
| 650 | 0 | |a Historia social |9 313638 |v Estudio de casos | |
| 650 | 0 | |a Cambio social |9 256857 |v Estudio de casos | |
| 650 | 0 | |a Política ambiental |v Estudio de casos |9 884723 | |
| 942 | |2 ddc |c BK | ||
| 952 | |0 0 |1 0 |2 ddc |4 0 |6 304_280000000000000_DIA_2011 |7 0 |8 A |9 591656 |a BIBAGR |b BIBAGR |c GEN |d 2023-09-22 |e 3 |g 19681.00 |i 5658766 |o 304.28 DIA 2011 |p 5658766 |r 2025-01-20 |t 1 |v 19681.00 |w 2023-09-22 |y BK |k AGR | ||
| 952 | |0 0 |1 0 |2 ddc |4 0 |6 304_280000000000000_DIA_2011 |7 0 |8 A |9 591657 |a BIBAGR |b BIBAGR |c GEN |d 2023-09-22 |e 3 |g 19681.00 |i 5658767 |o 304.28 DIA 2011 |p 5658767 |r 2025-01-20 |t 2 |v 19681.00 |w 2023-09-22 |y BK |k AGR | ||